| 000 | 00449nam a22001817a 4500 | ||
|---|---|---|---|
| 003 | MPLRDC | ||
| 005 | 20220104113929.0 | ||
| 008 | 210129b ||||| |||| 00| 0 eng d | ||
| 082 | _a848.2 ZXG v.11 | ||
| 100 | _a张系国著 | ||
| 245 |
_a英雄有泪不轻弹 _c |
||
| 250 | _a五版 | ||
| 260 |
_a _b洪范书店有限公司 _c1984 |
||
| 300 | _b平 | ||
| 490 | _a洪范文学丛书;106 | ||
| 650 | _a现代别集 | ||
| 942 |
_cBK _o848.2 ZXG v.11 |
||
| 999 |
_c3481 _d3471 |
||